| 000 | 00656nam a22002057a 4500 | ||
|---|---|---|---|
| 999 |
_c18413 _d18413 |
||
| 003 | AR-CdUCM | ||
| 008 | 190513b ||||| |||| 00| 0 spa d | ||
| 040 |
_aMUNICIPALIDAD PROVINCIAL DEL CUSCO _cBIBLIOTECA MUNICIPAL DEL CUSCO |
||
| 082 |
_a290 / _bL59 |
||
| 100 |
_aLibedinski, S. _938988 |
||
| 245 |
_aEl otro mundo : _bEl mito mito y la ciencia / |
||
| 260 |
_aArgentina : _bRosario, _c1951. |
||
| 300 |
_a467 páginas ; _c24 cm. |
||
| 505 | _aContenido : Introducción -- El animismo -- El totemismo ... | ||
| 650 |
_aMito _93021 |
||
| 650 |
_aTotemismo _917158 |
||
| 650 |
_aCosmovisión _919165 |
||
| 942 |
_2ddc _cLIBROS |
||
| 945 |
_arah _d2019/05/13 |
||